[Event "Szolnok op"]
[Site "Szolnok"]
[Date "2022.06.17"]
[Round "4"]
[White "Kovacs, Tibor T"]
[Black "Virganc, Roland"]
[Result "0-1"]
[WhiteElo "1567"]
[BlackElo "1796"]
[PlyCount "58"]
[EventDate "2022.06.16"]
[EventType "swiss"]
[EventRounds "7"]
[EventCountry "HUN"]
[SourceTitle "CBM 209 Extra"]
[Source "ChessBase"]
[SourceDate "2022.09.30"]
[SourceVersion "1"]
[SourceVersionDate "2022.09.30"]
[SourceQuality "1"]

1. d4 Nf6 2. c4 g6 3. Nc3 d5 4. cxd5 Nxd5 5. e4 Nxc3 6. bxc3 Bg7 7. Bc4 c5 8. Ne2 Nc6 9. Be3 cxd4 10. cxd4 0-0 11. 0-0 Bd7 12. Rc1 Rc8 13. Bb3 Na5 14. Rxc8 Qxc8 15. Qd3 Nxb3 16. Qxb3 b6 17. Rc1 Qb7 18. f3 e6 19. Bf4 Qa6 20. Qb2 Bb5 21. Ng3 h5 22. e5 Rd8 23. Be3 Bf8 24. Qc2 Ba3 25. Qc7 Rf8 26. Bh6 Bxc1 27. Bxf8 Be3+ 28. Kh1 Qxa2 29. h4 Qf2 0-1

[Event "Szolnok op"]
[Site "Szolnok"]
[Date "2022.06.16"]
[Round "2"]
[White "Kovacs, Tibor T"]
[Black "Javorek, Jozsef"]
[Result "1-0"]
[WhiteElo "1567"]
[BlackElo "1325"]
[PlyCount "63"]
[EventDate "2022.06.16"]
[EventType "swiss"]
[EventRounds "7"]
[EventCountry "HUN"]
[SourceTitle "CBM 209 Extra"]
[Source "ChessBase"]
[SourceDate "2022.09.30"]
[SourceVersion "1"]
[SourceVersionDate "2022.09.30"]
[SourceQuality "1"]

1. d4 c5 2. d5 e6 3. c4 e5 4. e4 d6 5. Bd3 h6 6. Ne2 g5 7. Nbc3 a6 8. Ng3 Nf6 9. a4 Bg7 10. Be2 Bd7 11. Nh5 0-0 12. Nxf6+ Qxf6 13. Bg4 Qe7 14. Qf3 Be8 15. Bf5 Nd7 16. g4 Kh8 17. Qg3 Nb6 18. b3 Bd7 19. h4 Bxf5 20. gxf5 f6 21. hxg5 Kg8 22. gxh6 Kf7 23. hxg7 Ke8 24. gxf8Q+ Qxf8 25. Qg6+ Kd8 26. Rh7 Nd7 27. Bh6 Qe8 28. Qxe8+ Kxe8 29. Rh8+ Ke7 30. Rxa8 b6 31. Ke2 b5 32. Rg1 1-0